[Event "Bad Woerishofen Seniors op 32nd"]
[Site "Bad Woerishofen"]
[Date "2016.03.01"]
[Round "5"]
[White "Braeu, Ludwig"]
[Black "Spurga, Josef"]
[Result "1/2-1/2"]
[WhiteElo "1894"]
[BlackElo "2002"]
[PlyCount "95"]
[EventDate "2016.02.26"]
[EventType "swiss"]
[EventRounds "9"]
[EventCountry "GER"]
[SourceTitle "EXT 2019"]
[Source "ChessBase"]
[SourceDate "2018.10.10"]
[SourceVersion "1"]
[SourceVersionDate "2018.10.10"]
[SourceQuality "1"]

1. c4 e6 2. g3 d5 3. Bg2 Nf6 4. Nf3 c6 5. b3 Nbd7 6. Bb2 Be7 7. 0-0 0-0 8. d3 b6 9. Nbd2 Bb7 10. e4 Qc7 11. e5 Ne8 12. Rc1 Qd8 13. Re1 Rc8 14. Qe2 Nc5 15. Bd4 g6 16. Rb1 Ng7 17. Ba1 Qd7 18. b4 Na6 19. b5 cxb5 20. cxb5 Nb4 21. a4 Nc2 22. Red1 Nxa1 23. Rxa1 Nf5 24. g4 Nh4 25. Nxh4 Bxh4 26. Nf3 Be7 27. Nd4 Bb4 28. Rac1 Rxc1 29. Rxc1 Rc8 30. Qb2 Bc5 31. Nb3 Be7 32. Rxc8+ Qxc8 33. Qc1 Qxc1+ 34. Nxc1 Ba3 35. Nb3 Bb2 36. f4 a6 37. d4 axb5 38. axb5 h6 39. Kf2 Kg7 40. Bf1 f6 41. h4 Bc8 42. Bd3 Ba3 43. Ke3 Be7 44. h5 f5 45. Kf3 Bd7 46. gxf5 exf5 47. hxg6 Kxg6 48. Kg3 1/2-1/2

[Event "Bad Woerishofen Seniors op 32nd"]
[Site "Bad Woerishofen"]
[Date "2016.02.29"]
[Round "4"]
[White "Spurga, Josef"]
[Black "Blosze, Winfried"]
[Result "1/2-1/2"]
[WhiteElo "2002"]
[BlackElo "1846"]
[PlyCount "148"]
[EventDate "2016.02.26"]
[EventType "swiss"]
[EventRounds "9"]
[EventCountry "GER"]
[SourceTitle "EXT 2019"]
[Source "ChessBase"]
[SourceDate "2018.10.10"]
[SourceVersion "1"]
[SourceVersionDate "2018.10.10"]
[SourceQuality "1"]

1. e4 e5 2. Nf3 Nc6 3. Bb5 Nf6 4. d3 d6 5. h3 Bd7 6. c3 Be7 7. 0-0 h6 8. Re1 Nh7 9. Nbd2 Bf6 10. Nf1 Ne7 11. Bxd7+ Qxd7 12. d4 Ng5 13. N1h2 0-0-0 14. Ng4 Ng6 15. dxe5 Nxf3+ 16. Qxf3 Nxe5 17. Nxe5 Bxe5 18. Qe3 Kb8 19. c4 g5 20. f3 f5 21. exf5 Bg3 22. Rd1 Qxf5 23. Qa3 Rhe8 24. Be3 b6 25. Rac1 Qe6 26. Rd3 Bf4 27. Bxf4 gxf4 28. Qc3 Rg8 29. Kf1 Rg3 30. Qd4 Rdg8 31. Rd2 Qg6 32. Rcc2 Rf8 33. Re2 Rg5 34. Qe4 Rgf5 35. Rcd2 Qf7 36. Qe6 Rf6 37. Qxf7 R8xf7 38. Re8+ Kb7 39. Rde2 Kc6 40. b4 b5 41. cxb5+ Kxb5 42. Rb8+ Kc4 43. Rb7 c6 44. Rc2+ Kd5 45. Rxf7 Rxf7 46. Kf2 Rg7 47. Re2 h5 48. Re4 Rf7 49. g3 fxg3+ 50. Kxg3 Rg7+ 51. Kf2 c5 52. bxc5 dxc5 53. Ke3 Rb7 54. Rh4 Rh7 55. Kd3 Rh6 56. Rf4 a5 57. Rf5+ Kd6 58. Kc4 h4 59. Rxc5 Rf6 60. Rd5+ Kc6 61. Rd3 Rf4+ 62. Kc3 Kc5 63. Kd2 Ra4 64. a3 Rf4 65. Ke3 Rf7 66. f4 Kc4 67. Rd4+ Kb3 68. a4 Rg7 69. Ke4 Re7+ 70. Kf3 Rg7 71. Re4 Rg3+ 72. Kf2 Rxh3 73. Re3+ Rxe3 74. Kxe3 Kc4 1/2-1/2

[Event "Wuerttemberg-ch Seniors op 25th"]
[Site "Freudenstadt"]
[Date "2013.07.06"]
[Round "4"]
[White "Storkebaum, Karl Heinrich"]
[Black "Spurga, Josef"]
[Result "1-0"]
[WhiteElo "1955"]
[BlackElo "2040"]
[PlyCount "114"]
[EventDate "2013.07.06"]
[EventType "swiss"]
[EventRounds "9"]
[EventCountry "GER"]
[SourceTitle "EXT 2019"]
[Source "ChessBase"]
[SourceDate "2018.10.10"]
[SourceVersion "1"]
[SourceVersionDate "2018.10.10"]
[SourceQuality "1"]

1. d4 d5 2. c4 e6 3. Nf3 Nf6 4. a3 a5 5. Nc3 Be7 6. Bf4 c6 7. e3 0-0 8. Bd3 dxc4 9. Bxc4 Nbd7 10. 0-0 Re8 11. h3 Nf8 12. Rc1 Ng6 13. Bh2 b5 14. Bd3 Bb7 15. Ne4 Nxe4 16. Bxe4 Rc8 17. Qe2 Bd6 18. Bxd6 Qxd6 19. Rfd1 Qe7 20. Rc5 Rc7 21. Rdc1 Rec8 22. Qc2 Qd6 23. h4 f5 24. Bd3 Ba6 25. e4 Ne7 26. exf5 Nxf5 27. Bxf5 exf5 28. Qxf5 Rf8 29. Qe5 Qd7 30. d5 Re8 31. Qc3 b4 32. axb4 axb4 33. Qb3 Kh8 34. Rxc6 Ra7 35. Re6 Rc8 36. Rxc8+ Qxc8 37. Qe3 Ra8 38. Re7 Bb5 39. d6 Qg4 40. Qg5 Qxg5 41. Nxg5 h6 42. Ne6 Ra1+ 43. Kh2 Rd1 44. Rb7 Bc6 45. Rxb4 Rxd6 46. Rb8+ Kh7 47. Nf4 Rd4 48. Kg3 g6 49. Rb6 Be4 50. b4 Rc4 51. f3 Bf5 52. Rb7+ Kg8 53. b5 Rb4 54. b6 Kf8 55. Nd5 Rb5 56. Nf6 Be6 57. Rb8+ Ke7 1-0

[Event "GER-ch Seniors"]
[Site "Dresden"]
[Date "2012.08.16"]
[Round "8"]
[White "Spurga, Josef"]
[Black "Blosze, Winfried"]
[Result "1-0"]
[WhiteElo "2020"]
[BlackElo "1883"]
[PlyCount "56"]
[EventDate "2012.08.09"]
[EventType "swiss"]
[EventRounds "9"]
[EventCountry "GER"]
[SourceTitle "EXT 2014"]
[Source "ChessBase"]
[SourceDate "2013.11.20"]
[SourceVersion "1"]
[SourceVersionDate "2013.11.20"]
[SourceQuality "1"]

1. d4 Nf6 2. Nf3 g6 3. g3 Bg7 4. Bg2 0-0 5. 0-0 d6 6. c4 Re8 7. Nc3 c6 8. e4 Qa5 9. d5 Qa6 10. Nd2 Ng4 11. h3 Ne5 12. Qb3 Nbd7 13. Na4 cxd5 14. cxd5 b5 15. Nc3 Rb8 16. Ne2 Bb7 17. Nd4 Ba8 18. N2f3 Nc5 19. Qe3 b4 20. Rd1 e6 21. Nxe5 Bxe5 22. dxe6 Nxe6 23. Nxe6 Rxe6 24. Qb3 Bf6 25. f3 Bc6 26. Bf1 Qa5 27. Qd3 Bb5 28. Qd5 Bxf1 1-0

[Event "Bad Woerishofen Seniors op 28th"]
[Site "Bad Woerishofen"]
[Date "2012.03.06"]
[Round "5.27"]
[White "Spurga, Josef"]
[Black "Kolb, Werner"]
[Result "1-0"]
[WhiteElo "1866"]
[BlackElo "1642"]
[PlyCount "74"]
[EventDate "2012.03.02"]
[EventType "swiss"]
[EventRounds "9"]
[EventCountry "GER"]
[SourceTitle "EXT 2022"]
[Source "ChessBase"]
[SourceDate "2021.10.06"]
[SourceVersion "1"]
[SourceVersionDate "2021.10.06"]
[SourceQuality "1"]

1. e4 e5 2. Nf3 Nc6 3. Bb5 a6 4. Ba4 Nf6 5. 0-0 Be7 6. Re1 b5 7. Bb3 0-0 8. a4 b4 9. c3 Rb8 10. d4 d6 11. h3 Na5 12. Bc2 bxc3 13. bxc3 Nd7 14. Nbd2 Qe8 15. Nf1 c5 16. Ne3 Nc6 17. Nd5 Bd8 18. Ba3 a5 19. Qd2 Ba6 20. Rab1 Rxb1 21. Rxb1 Be7 22. Nc7 Qc8 23. Nxa6 Qxa6 24. Bd3 Qa8 25. Bb5 Ncb8 26. Qd3 Rd8 27. Qe3 cxd4 28. cxd4 Nc6 29. Rc1 Na7 30. Be2 exd4 31. Nxd4 Rc8 32. Rd1 Bf8 33. Nf5 Rd8 34. Qg3 g6 35. Bf3 Qb8 36. Bxd6 Bxd6 37. Nxd6 Qa8 1-0

[Event "Bayern-ch Seniors 23rd"]
[Site "Bergen"]
[Date "2011.06.01"]
[Round "5"]
[White "Spurga, Josef"]
[Black "Jagdhuber, Hans"]
[Result "1-0"]
[WhiteElo "1866"]
[BlackElo "1946"]
[PlyCount "83"]
[EventDate "2011.05.28"]
[EventType "swiss"]
[EventRounds "9"]
[EventCountry "GER"]
[SourceTitle "EXT 2012"]
[Source "ChessBase"]
[SourceDate "2011.11.24"]
[SourceVersion "1"]
[SourceVersionDate "2011.11.24"]
[SourceQuality "1"]

1. e4 d5 2. exd5 Qxd5 3. Nc3 Qd6 4. d4 Nf6 5. Nf3 c6 6. Bg5 Nbd7 7. Qd2 Nb6 8. Be2 Bg4 9. Bf4 Qb4 10. b3 e6 11. a3 Qa5 12. 0-0 Nbd5 13. Nxd5 Qxd2 14. Nxf6+ gxf6 15. Bxd2 0-0-0 16. Be3 Kb8 17. Rfe1 Rg8 18. Nh4 h5 19. f3 Bh3 20. Kf1 Bf5 21. Nxf5 exf5 22. Bd3 Bd6 23. Bg1 f4 24. c4 Rg7 25. b4 b6 26. Re2 Rdg8 27. c5 Bc7 28. Rae1 Kb7 29. Bf5 Rg5 30. Bh3 bxc5 31. bxc5 Rd5 32. Re8 Rd8 33. Rxg8 Rxg8 34. Re7 Rf8 35. Ke2 Kb8 36. Kd3 Bd8 37. Re2 Ba5 38. Bf2 Rg8 39. Re7 Rf8 40. Bh4 Bd8 41. Re4 f5 42. Rxf4 1-0

[Event "Bayern-ch Seniors 23rd"]
[Site "Bergen"]
[Date "2011.05.29"]
[Round "2"]
[White "Kelchner, Hans"]
[Black "Spurga, Josef"]
[Result "1-0"]
[WhiteElo "2083"]
[BlackElo "1866"]
[PlyCount "97"]
[EventDate "2011.05.28"]
[EventType "swiss"]
[EventRounds "9"]
[EventCountry "GER"]
[SourceTitle "EXT 2012"]
[Source "ChessBase"]
[SourceDate "2011.11.24"]
[SourceVersion "1"]
[SourceVersionDate "2011.11.24"]
[SourceQuality "1"]

1. d4 d5 2. Bf4 Nf6 3. e3 e6 4. Nd2 Nbd7 5. Bd3 c5 6. c3 Qb6 7. Rb1 Bd6 8. Bxd6 Qxd6 9. f4 h5 10. Qe2 b6 11. Ngf3 Bb7 12. 0-0 Ne4 13. Bxe4 dxe4 14. Ng5 Nf6 15. Nc4 Qd5 16. Rfd1 0-0 17. dxc5 Qxc5 18. Ne5 Bc8 19. Rd4 g6 20. Nxe4 Nxe4 21. Rxe4 Qd5 22. Qc4 Qd2 23. Qd3 Rd8 24. Qxd2 Rxd2 25. Rd4 Rc2 26. Nc4 Bb7 27. Rd2 Rxd2 28. Nxd2 Rd8 29. Nb3 f6 30. Rc1 Be4 31. Re1 e5 32. Re2 Rd1+ 33. Kf2 Bd5 34. Re1 Rd3 35. fxe5 fxe5 36. Ke2 Bc4 37. Nd2 Rxc3+ 38. Nxc4 Rxc4 39. Kd3 Rc7 40. Re2 Kf7 41. Ke4 Ke6 42. b3 Rc5 43. Rf2 Rc8 44. Rd2 Rc5 45. h4 Rb5 46. Kf3 Rc5 47. g4 Rc1 48. gxh5 gxh5 49. Rg2 1-0

[Event "Bayern-ch Seniors 22nd"]
[Site "Bergen"]
[Date "2010.06.14"]
[Round "3"]
[White "Spurga, Josef"]
[Black "Baumgartner, Andreas"]
[Result "1-0"]
[WhiteElo "1883"]
[BlackElo "1646"]
[PlyCount "89"]
[EventDate "2010.06.12"]
[EventType "swiss"]
[EventRounds "9"]
[EventCountry "GER"]
[SourceTitle "EXT 2011"]
[Source "ChessBase"]
[SourceDate "2010.11.26"]
[SourceVersion "1"]
[SourceVersionDate "2010.11.26"]
[SourceQuality "1"]

1. d4 Nf6 2. Nf3 d5 3. c4 e6 4. Nc3 Be7 5. e3 0-0 6. Bd3 b6 7. cxd5 exd5 8. 0-0 Bb7 9. Bd2 Nbd7 10. Rc1 c5 11. Re1 Ne4 12. Ne2 Nxd2 13. Qxd2 Nf6 14. Ng3 g6 15. Ne5 Rc8 16. Qe2 c4 17. Bb1 Bd6 18. f4 b5 19. Qf3 Re8 20. Rf1 Ne4 21. Nxe4 dxe4 22. Bxe4 Bxe4 23. Qxe4 Bxe5 24. fxe5 Qe7 25. Qd5 a6 26. Rf6 Rcd8 27. Qf3 a5 28. Rf1 Rf8 29. Qc6 Qd7 30. Qxd7 Rxd7 31. e6 Re7 32. d5 Rd8 33. Rxf7 Rxf7 34. exf7+ Kf8 35. e4 b4 36. Kf2 Kxf7 37. Ke3+ Ke7 38. Kd4 Rc8 39. Rc1 Rf8 40. Rxc4 Rf2 41. Rc7+ Ke8 42. d6 Rxb2 43. Ke5 b3 44. Ke6 Kd8 45. Rxh7 1-0

[Event "GER-ch Seniors 21st"]
[Site "Dresden"]
[Date "2009.08.07"]
[Round "5"]
[White "Welz, Peter"]
[Black "Spurga, Josef"]
[Result "1/2-1/2"]
[WhiteElo "2101"]
[BlackElo "1984"]
[PlyCount "101"]
[EventDate "2009.08.03"]
[EventType "swiss"]
[EventRounds "9"]
[EventCountry "GER"]
[SourceTitle "CBM 131 Extra"]
[Source "ChessBase"]
[SourceDate "2009.09.03"]
[SourceVersion "2"]
[SourceVersionDate "2009.09.16"]
[SourceQuality "1"]

1. e4 e6 2. d4 d5 3. e5 c5 4. dxc5 Nc6 5. Nf3 Bxc5 6. Bf4 Qb6 7. Bg3 Qxb2 8. Nbd2 Nge7 9. Bd3 Qb6 10. 0-0 Nf5 11. Bxf5 exf5 12. Ng5 Be7 13. Nh3 Be6 14. Nf4 0-0 15. Nf3 Rfd8 16. h4 h6 17. Rb1 Qc7 18. h5 Rac8 19. c3 a6 20. Re1 b5 21. a4 b4 22. cxb4 Bxb4 23. Re2 a5 24. Rc2 Qd7 25. Nd3 Qa7 26. Bh4 Re8 27. Nf4 Qd7 28. Qd3 Ne7 29. Nd4 Rxc2 30. Qxc2 Rc8 31. Qd3 Nc6 32. Nf3 Ne7 33. Bxe7 Bxe7 34. Rb5 Bd8 35. g3 Rc4 36. Qb3 Kh7 37. Kg2 d4 38. Nxe6 Qxe6 39. Rb8 Bc7 40. Rb5 Qc6 41. Qd3 g6 42. hxg6+ fxg6 43. Kh2 Rxa4 44. Qb3 Qc4 45. e6 Qxb3 46. Rxb3 Kg7 47. Rb7 Rc4 48. Nxd4 Rxd4 49. Rxc7+ Kf6 50. Ra7 Kxe6 51. Rxa5 1/2-1/2

[Event "Bad Woerishofen Seniors op 24th"]
[Site "Bad Woerishofen"]
[Date "2008.03.06"]
[Round "8"]
[White "Lange, Manfred"]
[Black "Spurga, Josef"]
[Result "1/2-1/2"]
[WhiteElo "1968"]
[BlackElo "1821"]
[PlyCount "99"]
[EventDate "2008.02.28"]
[EventType "swiss"]
[EventRounds "9"]
[EventCountry "GER"]
[SourceTitle "EXT 2022"]
[Source "ChessBase"]
[SourceDate "2021.10.06"]
[SourceVersion "1"]
[SourceVersionDate "2021.10.06"]
[SourceQuality "1"]

1. e4 c5 2. Nf3 Nc6 3. d4 cxd4 4. Nxd4 Nf6 5. Nc3 d6 6. Bc4 e6 7. Bb3 Be7 8. 0-0 0-0 9. Be3 a6 10. f4 Na5 11. Kh1 b5 12. a3 Nxb3 13. cxb3 Bb7 14. Qd3 Rc8 15. f5 e5 16. Nf3 Bc6 17. Rfe1 Qc7 18. b4 Rfd8 19. Bg1 d5 20. exd5 Nxd5 21. Nxd5 Bxd5 22. Qe3 f6 23. Rec1 Qb7 24. Ne1 Be4 25. Qf2 Rc6 26. Rxc6 Qxc6 27. h3 Rd6 28. Kh2 Qd7 29. Rc1 Bxf5 30. Nf3 Be6 31. Qe2 Rc6 32. Rd1 Qc7 33. Kh1 Rc2 34. Rd2 Rxd2 35. Qxd2 Qc4 36. Qe3 Qc7 37. Nd4 Bd5 38. Nf5 Bf8 39. Qg3 Qc2 40. Ne3 Qd3 41. Qg4 Bf7 42. Qc8 Qd6 43. Nf5 Qe6 44. Qa8 Be8 45. Bc5 Qc6 46. Qd8 Qd7 47. Qa8 g6 48. Ne3 Qc6 49. Qd8 Qe6 50. Nd5 1/2-1/2

[Event "Bad Woerishofen Seniors op 24th"]
[Site "Bad Woerishofen"]
[Date "2008.03.03"]
[Round "5"]
[White "Spurga, Josef"]
[Black "Rahn, Oskar"]
[Result "0-1"]
[WhiteElo "1821"]
[BlackElo "1973"]
[PlyCount "62"]
[EventDate "2008.02.28"]
[EventType "swiss"]
[EventRounds "9"]
[EventCountry "GER"]
[SourceTitle "EXT 2022"]
[Source "ChessBase"]
[SourceDate "2021.10.06"]
[SourceVersion "1"]
[SourceVersionDate "2021.10.06"]
[SourceQuality "1"]

1. e4 e5 2. Nf3 Nc6 3. Bb5 a6 4. Ba4 Nf6 5. 0-0 b5 6. Bb3 Bc5 7. d3 d6 8. c3 Bb6 9. h3 0-0 10. Nbd2 Bb7 11. Re1 Ne7 12. Nf1 Ng6 13. Be3 c5 14. Ng3 d5 15. exd5 Nxd5 16. Bg5 f6 17. Bd2 Kh8 18. Bc2 Qd7 19. Nh2 Ndf4 20. Bxf4 Nxf4 21. Nf3 Rad8 22. Kh2 Nxd3 23. Qe2 c4 24. Rad1 e4 25. Nh4 g6 26. Qd2 Bc7 27. Qh6 Qg7 28. Qxg7+ Kxg7 29. Bxd3 Rxd3 30. Kg1 f5 31. Rb1 Bd8 0-1

[Event "Bad Woerishofen Seniors opA 23rd"]
[Site "Bad Woerishofen"]
[Date "2007.03.13"]
[Round "6"]
[White "Igney, Volkhard"]
[Black "Spurga, Josef"]
[Result "1-0"]
[WhiteElo "2255"]
[BlackElo "1999"]
[PlyCount "45"]
[EventDate "2007.03.08"]
[EventType "swiss"]
[EventRounds "9"]
[EventCountry "GER"]
[SourceTitle "EXT 2008"]
[Source "ChessBase"]
[SourceDate "2007.11.25"]
[SourceVersion "1"]
[SourceVersionDate "2007.11.25"]
[SourceQuality "1"]

1. d4 d5 2. c4 c6 3. Nf3 Nf6 4. Nc3 e6 5. Bg5 Be7 6. e3 Nbd7 7. Qc2 h6 8. Bh4 0-0 9. Rd1 Re8 10. Bd3 dxc4 11. Bxc4 b5 12. Bd3 Bb7 13. 0-0 Rc8 14. a3 a5 15. e4 b4 16. e5 Nd5 17. Bxe7 Qxe7 18. Ne4 Rc7 19. Nd6 Rb8 20. Qa4 Ba8 21. Qxa5 Nxe5 22. Nxe5 Ra7 23. Qc5 1-0

[Event "Bad Woerishofen Seniors opA 23rd"]
[Site "Bad Woerishofen"]
[Date "2007.03.12"]
[Round "5"]
[White "Spurga, Josef"]
[Black "Grom, Waldemar"]
[Result "1/2-1/2"]
[WhiteElo "1807"]
[BlackElo "1813"]
[PlyCount "118"]
[EventDate "2007.03.08"]
[EventType "swiss"]
[EventRounds "9"]
[EventCountry "GER"]
[SourceTitle "EXT 2022"]
[Source "ChessBase"]
[SourceDate "2021.10.06"]
[SourceVersion "1"]
[SourceVersionDate "2021.10.06"]
[SourceQuality "1"]

1. e4 c5 2. Nf3 e6 3. d4 cxd4 4. Nxd4 a6 5. Nc3 Qc7 6. Bd3 Nf6 7. a3 Bc5 8. Nb3 Be7 9. Be3 b5 10. 0-0 Bb7 11. f3 Bd6 12. f4 e5 13. Qf3 0-0 14. f5 Nc6 15. Ne2 Be7 16. Rad1 Rfd8 17. Ng3 d5 18. exd5 Nxd5 19. Bf2 Nf6 20. Ne4 Nd4 21. Nxd4 exd4 22. Nxf6+ Bxf6 23. Qh3 Bd5 24. Rfe1 Rac8 25. Re2 Bc4 26. Rde1 h6 27. Qf3 Qd7 28. Bg3 Re8 29. Rxe8+ Rxe8 30. Rxe8+ Qxe8 31. b3 Bxd3 32. Qxd3 Qc6 33. Be1 Qd6 34. b4 Qf4 35. Bd2 Qc7 36. Be1 Qc6 37. Bd2 Bd8 38. Be1 Bb6 39. Bd2 Qd5 40. Kf1 Qe5 41. Kg1 f6 42. g3 Qd5 43. Bf4 a5 44. Bd2 axb4 45. Bxb4 Qc4 46. Kg2 Kf7 47. Qe4 Bd8 48. Qb7+ Kg8 49. Qe4 Kh7 50. Kf2 Bb6 51. Ke1 Bc5 52. Qe8 Bxb4+ 53. axb4 Qxb4+ 54. Kd1 Qb1+ 55. Kd2 Qb4+ 56. Kd1 Qc5 57. Qg6+ Kg8 58. Qe8+ Kh7 59. Qg6+ Kg8 1/2-1/2

[Event "Bad Woerishofen Seniors opA 23rd"]
[Site "Bad Woerishofen"]
[Date "2007.03.11"]
[Round "4"]
[White "Dinser, Hans"]
[Black "Spurga, Josef"]
[Result "0-1"]
[WhiteElo "1705"]
[BlackElo "1807"]
[PlyCount "111"]
[EventDate "2007.03.08"]
[EventType "swiss"]
[EventRounds "9"]
[EventCountry "GER"]
[SourceTitle "EXT 2022"]
[Source "ChessBase"]
[SourceDate "2021.10.06"]
[SourceVersion "1"]
[SourceVersionDate "2021.10.06"]
[SourceQuality "1"]

1. Nc3 d5 2. e4 dxe4 3. Nxe4 e6 4. d4 Be7 5. Nf3 Nf6 6. Nxf6+ Bxf6 7. c3 0-0 8. Bd3 Nd7 9. Qc2 g6 10. Bh6 Bg7 11. Bxg7 Kxg7 12. h4 h6 13. 0-0-0 Qf6 14. Rde1 c5 15. Kb1 cxd4 16. Nxd4 Nc5 17. Nb3 Nxd3 18. Qxd3 e5 19. Qe3 Bf5+ 20. Ka1 Rfe8 21. f3 Bd7 22. g4 Qf4 23. Qxf4 exf4 24. Nd4 Bc6 25. Kb1 Bd5 26. b3 f6 27. Kc2 Re5 28. c4 Bf7 29. Re4 Rxe4 30. fxe4 Re8 31. Kd3 Rd8 32. Kc3 Rh8 33. a4 h5 34. gxh5 Rxh5 35. Rg1 Kf8 36. Rg4 g5 37. hxg5 fxg5 38. Kb4 Ke7 39. a5 a6 40. c5 Be8 41. e5 Bd7 42. Rg1 g4 43. e6 Bxe6 44. Nxe6 Kxe6 45. Rxg4 Rf5 46. Rg6+ Rf6 47. Rxf6+ Kxf6 48. Kc3 Ke5 49. Kd3 Kd5 50. b4 Kc6 51. Ke4 Kb5 52. Kxf4 Kxb4 53. Ke4 Kxc5 54. Kd3 Kb5 55. Kc3 Kxa5 56. Kc4 0-1